Movies Quiz

Random Movies or Toys Quiz

Toys in Toy Story 3 Quiz Stats

 Plays Quiz not verified by Sporcle

Challenge
Share
Tweet
Embed
Score 0/32 Timer 05:00
0 Plays Today
% Correct
Buzz Lightyear
97.4%
Woody
97%
Rex
88.6%
Jessie
87.8%
Mr. Potato Head
84.4%
Hamm
84.4%
Mrs. Potato Head
82.8%
Ken
81.4%
Slinky Dog
81.2%
Bullseye
81%
Lotso
80.4%
Barbie
77%
Big Baby
68.2%
Aliens
57%
Buttercup
54.2%
Dolly
54.2%
% Correct
Mr. Pricklepants
53%
Trixie
51.2%
Sarge
50.4%
Stretch
49.6%
Chuckles
46.4%
Peanelope, Peatey and Peatrice
39.6%
Cymbal banging monkey
39.2%
Chatter Telephone
38.8%
Twitch
34.8%
Chunk
33%
Sparks
26.4%
Bookworm
25%
Barrel of Monkeys
21%
Totoro
21%
Trolls
18.2%
Jack-in-the-box
10%

You're not logged in!

Compare scores with friends on all Sporcle quizzes.
OR
Log In

You Might Also Like...

Show Comments

Extras

Created Jun 28, 2010SourceReportNominate
Tags:Toys Quiz, story, Toy Story

Top Quizzes Today


Score Distribution

Your Account Isn't Verified!

In order to create a playlist on Sporcle, you need to verify the email address you used during registration. Go to your Sporcle Settings to finish the process.

Report this User

Report this user for behavior that violates our Community Guidelines.

Details: